World Capital Math Quiz Stats

 Plays Quiz Updated Aug 5, 2018

Challenge
Share
Tweet
Embed
Score 0/15 Timer 06:00
22 Plays Today
Problem Capital City % Correct
capital of Jamaica + w =Kingstown (St. Vincent and Grenadines)
88.5%
capital of Jordan + a =Manama (Bahrain)
68.4%
capital of Peru + an =Manila (Philippines)
67.8%
capital of Azerbaijan + l =Kabul (Afghanistan)
65.6%
capital of South Sudan + a =Abuja (Nigeria)
61.9%
capital of Austria + tie =Vientiane (Laos)
61.9%
capital of Ghana + as =Caracas (Venezuela)
57.1%
capital of Yemen + t =Astana (Kazakhstan)
55.1%
Problem Capital City % Correct
capital of France + tin =Pristina (Kosovo)
52%
capital of Vietnam + ra =Honiara (Solomon Islands)
49%
capital of Samoa + r =Praia (Cabo Verde)
44.2%
capital of Comoros + va =Monrovia (Liberia)
37.6%
capital of Nauru + ev =Yerevan (Armenia)
36%
capital of Lesotho + jel =Jerusalem (Israel)
34.7%
capital of The Gambia + jal =Ljubljana (Slovenia)
28.4%

You're not logged in!

Compare scores with friends on all Sporcle quizzes.
Join for Free
OR
Log In

You Might Also Like...

Show Comments

Extras

Top Quizzes Today


Score Distribution

Your Account Isn't Verified!

In order to create a playlist on Sporcle, you need to verify the email address you used during registration. Go to your Sporcle Settings to finish the process.

Report this User

Report this user for behavior that violates our Community Guidelines.

Details: